KOHA-Header-6

Cryptography and Network Security (Record no. 8028)

000 -LEADER
fixed length control field 00242nam a2200109Ia 4500
020 ## - INTERNATIONAL STANDARD BOOK NUMBER
ISBN 978-0130914293
100 ## - MAIN ENTRY--AUTHOR NAME
Personal name William Stallings
245 #0 - TITLE STATEMENT
Title Cryptography and Network Security
260 ## - PUBLICATION, DISTRIBUTION, ETC. (IMPRINT)
Place of publication India
Name of publisher AJA
Year of publication 1990
300 ## - PHYSICAL DESCRIPTION
Number of Pages 853
942 ## - ADDED ENTRY ELEMENTS (KOHA)
Koha item type Books
Holdings
Withdrawn status Lost status Collection code Permanent Location Current Location Shelving location Date acquired Full call number Accession Number Koha item type
    Computer Networking MAJU MAJU   2019-09-13 005.73 2370 Computer Networking

Powered by Koha